| 000 | 01908 a2200193 4500 | ||
|---|---|---|---|
| 001 | 15736 | ||
| 005 | 20260407155451.0 | ||
| 008 | 260407a1977 arg spa d | ||
| 003 | AR-UNSa-BCEJYS | ||
| 040 |
_aAR-UNSa-BCEJYS _bspa _cAR-UNSa-BCEJYS |
||
| 080 |
_a342.95 _xParte especial del derecho administrativo (Económico) |
||
| 245 | 1 | 0 | _aDerecho administrativo económico |
| 264 | 1 |
_aBuenos Aires : _bAstrea _c1977 |
|
| 300 |
_a2 v. (439, 759 p.) _c23 cm. |
||
| 505 | _aVol. I: 1. Política, estado, derecho y economía - 2. Personas públicas - 3. Empresas públicas - 4. El sector público en la economía - 5. La empresa pública. Instrumento de redistribución y acumulación - 6. Planificación - 7. Corporación de empresas nacionales - 8. Relaciones interadministrativas - 9. Contrataciones de las empresas públicas - 10. Entidades autárquicas - 11. Empresas del estado - 12. Sociedades del estado - 13. Sociedades anónimas mixtas - 14. Sociedades de economía mixta - 15. Empresas privadas controladas, administradas y conservadas por el estado "Empresas Leyes 17.507 y 18.832" - 16. Régimen jurídico esquemático de las empresas públicas. -- Vol. II: 1. Consorcios públicos - 2. Cooperativas públicas - 3. Servicios públicos - 4. Actividad electroenergética - 5. Fomento: principios jurídicos y políticos - 6. Promoción industrial - 7. Inversiones extranjeras - 8. Transferencia de tecnología - 9. Policía y derecho - 10. Policía y estado - 11. Policía y propiedad - 12. Policía y propiedad: expropiación - 13. Policía y economía - 14. Policía y economía (continuación) - 15. Presupuestos y principios - 16. Tipologías - 17. Organización - 18. Formas jurídicas - 19. Aspectos políticos de la responsabilidad pública - 20. Aspectos jurídicos de la responsabilidad pública | ||
| 942 | _cBK | ||
| 590 | _aniveau_biblio:m niveau_hierar:0 | ||
| 100 | 1 | _aDromi, José Roberto | |
| 999 |
_c664 _d664 |
||